00715nam a22001697a 4500003000900000008004100009040007100050082001800121100002700139245005400166260004700220300002700267505017300294650003100467650002100498650002600519AR-CdUCM190301b ||||| |||| 00| 0 spa d aMUNICIPALIDAD PROVINCIAL DEL CUSCOcBIBLIOTECA MUNICIPAL DEL CUSCO a980.02 /bF49 aFigueroa Serrano, Juan aEl quinto centenario de la conquista española / aQosqo : bMunicipalidad del Qosqo, c1992. a89 páginas ;c21 cm. aContenido: Temas relacionados con la resistencia ofrecida por los americanos ante la presencia de los españoles durante la conquista; enfoque crítico de este hecho. aDescubrimiento y Conquista aAmérica Latina aHistoria aniversarios